Countries with the Westernmost Easternmost Point - Statistics

General Stats
  • This quiz has been taken 2,064 times
    2,045 since last reset
  • The average score is 17 of 20
Answer Stats
Longitude Country % Correct
66°58'W Chile
95%
75°15'W Ecuador
93%
77°09'W Panama
93%
67°00'W Colombia
91%
88°15'W Guatemala
91%
86°42'W Mexico
91%
68°39'W Peru
91%
82°30'W Costa Rica
90%
87°42'W El Salvador
90%
82°46'W Nicaragua
90%
87°35'W Belize
89%
83°35'W Honduras
89%
74°08'W Cuba
88%
71°38'W Haiti
85%
76°12'W Jamaica
85%
68°20'W Dominican Republic
83%
72°45'W Bahamas
75%
62°31'W St. Kitts and Nevis
63%
171°20'W Samoa
56%
173°43'W Tonga
52%
No matching quizzes found
Score Distribution
Percent of People with Each Score
Percentile by Number Answered
Your Score History
You have not taken this quiz since the last reset